| 000 | 00402nam a2200145Ia 4500 | ||
|---|---|---|---|
| 003 | GCL | ||
| 008 | 140319s9999 xx 000 0 eng d | ||
| 040 |
_aGCL / _cGCL |
||
| 082 | 0 | 4 |
_a628.166 _bM U |
| 100 | 1 | _aMASSCHELEIN, WILLY J | |
| 245 | 1 | 0 |
_aUnit Processes in Drinking Water Treatment / _cMASSCHELEIN, WILLY J |
| 260 |
_a[S.N] : _bMARCEL DEKKER, INC |
||
| 650 | 0 | 4 | _aDRINKING WATER |
| 942 |
_2ddc _cBK |
||
| 999 |
_c20631 _d20631 |
||